000 00483nam a2200181Ia 4500
001 18143
005 20260306171609.0
008 260306s9999||||xx |||||||||||||| ||und||
041 _aESP
082 _a658.4012
_bH59 2015
100 _aHitt, Michael A.
_eAUT
245 0 _aAdministración estratégica:
_bcompetitividad y globalización: conceptos y casos
260 _c2015
300 _a404 páginas :
_c27 cm.
650 _aGEN
654 _aCAN
942 _cLIB
_dJUS
_fJUS
_2ddc
_n
999 _c18143
_d18143